|
|
|
|
| LEADER |
01027nam a22002537a 4500 |
| 001 |
28217 |
| 003 |
BD-DhAAL |
| 005 |
20140821110806.0 |
| 008 |
140821s2010 xxu 000 eng |
| 020 |
|
|
|a 9781453722483
|
| 040 |
|
|
|a BD-DhAAL
|c BD-DhAAL
|
| 082 |
0 |
0 |
|2 23
|a 700.1/08
|
| 100 |
1 |
|
|a Benjamin, Walter
|9 5522
|
| 245 |
1 |
4 |
|a The work of art in the age of mechanical reproduction /
|c Walter, Benjamin.
|
| 260 |
|
|
|a United States :
|b Prism Key Press,
|c 2010.
|
| 300 |
|
|
|a 49 p. ;
|c 22 cm.
|
| 541 |
|
|
|e 28217
|
| 650 |
|
0 |
|a Art and society
|9 5523
|
| 650 |
|
0 |
|a Photography in art
|9 5524
|
| 650 |
|
0 |
|a Art and technology
|9 5301
|
| 942 |
|
|
|2 ddc
|c BK
|
| 999 |
|
|
|c 32895
|d 32895
|
| 952 |
|
|
|0 0
|1 0
|2 ddc
|4 0
|6 700_108000000000000_BEN
|7 0
|9 43455
|a BRACUL
|b BRACUL
|c NEW
|d 2014-08-21
|e Karim International
|g 1870.00
|l 0
|o 700.108 BEN
|p 3010028217
|r 2014-08-21
|t 1
|w 2014-08-21
|y BK
|
| 952 |
|
|
|0 0
|1 0
|2 ddc
|4 0
|6 700_108000000000000_BEN
|7 0
|9 43456
|a BRACUL
|b BRACUL
|c NEW
|d 2014-08-21
|e Karim International
|g 1870.00
|l 0
|o 700.108 BEN
|p 3010028218
|r 2014-08-21
|t 2
|w 2014-08-21
|y BK
|